MARC details
| 000 -LEADER |
| campo de control de longitud fija |
06086cam a2200541 i 4500 |
| 001 - NÚMERO DE CONTROL |
| campo de control |
20751755 |
| 003 - IDENTIFICADOR DE NÚMERO DE CONTROL |
| campo de control |
BJBSDDR |
| 005 - FECHA Y HORA DE LA ÚLTIMA TRANSACCIÓN |
| campo de control |
20260501164039.0 |
| 006 - CÓDIGOS DE INFORMACIÓN DE LONGITUD FIJA--CARACTERÍSTICAS DEL MATERIAL ADICIONAL |
| campo de control de longitud fija |
a|||||r|||| 00| 0 |
| 007 - CAMPO FIJO DE DESCRIPCIÓN FÍSICA--INFORMACIÓN GENERAL |
| campo de control de longitud fija |
ta |
| 008 - DATOS DE LONGITUD FIJA--INFORMACIÓN GENERAL |
| campo de control de longitud fija |
181121s2019 nyua rb 001 0beng |
| 010 ## - NÚMERO DE CONTROL DE LA BIBLIOTECA DEL CONGRESO |
| Número de control de LC |
2018051780 |
| 020 ## - NÚMERO INTERNACIONAL ESTÁNDAR DEL LIBRO |
| Número Internacional Estándar del Libro |
9780190459642 |
| Información calificativa |
hardback |
| 035 ## - NÚMERO DE CONTROL DEL SISTEMA |
| Número de control de sistema |
20751755 |
| 040 ## - FUENTE DE CATALOGACIÓN |
| Centro catalogador/agencia de origen |
DLC |
| Lengua de catalogación |
eng |
| Centro/agencia transcriptor |
DLC |
| Normas de descripción |
rda |
| Centro/agencia modificador |
DLC |
| 041 ## - CÓDIGO DE IDIOMA |
| Código de lengua del texto/banda sonora o título independiente |
eng |
| 042 ## - CÓDIGO DE AUTENTICACIÓN |
| Código de autenticación |
pcc |
| 043 ## - CÓDIGO DE ÁREA GEOGRÁFICA |
| Código de área geográfica |
e-uk--- |
| 050 00 - SIGNATURA TOPOGRÁFICA DE LA BIBLIOTECA DEL CONGRESO |
| Número de clasificación |
D15.H63 |
| Número de ítem |
E92e 2019 |
| 082 00 - NÚMERO DE LA CLASIFICACIÓN DECIMAL DEWEY |
| Número de clasificación |
907.2/02 |
| Número de edición |
23 |
| 084 ## - OTRO NÚMERO DE CLASIFICACIÓN |
| Número de clasificación |
BIO000000 |
| -- |
BIO006000 |
| -- |
HIS010020 |
| Fuente del número |
bisacsh |
| 100 1# - ENTRADA PRINCIPAL--NOMBRE DE PERSONA |
| Nombre de persona |
Evans, Richard J. |
| Forma completa/desarrollada del nombre |
(Richard John), |
| Fechas asociadas al nombre |
1947- |
| 9 (RLIN) |
47881 |
| 245 10 - MENCIÓN DEL TÍTULO |
| Título |
Eric Hobsbawm : |
| Resto del título |
A Life in History / |
| Mención de responsabilidad, etc. |
Richard J. Evans. |
| 264 #1 - PRODUCCIÓN, PUBLICACIÓN, DISTRIBUCIÓN, FABRICACIÓN Y COPYRIGHT |
| Producción, publicación, distribución, fabricación y copyright |
New York : |
| Nombre del de productor, editor, distribuidor, fabricante |
Oxford University Press, |
| Fecha de producción, publicación, distribución, fabricación o copyright |
[2019] |
| 264 #4 - PRODUCCIÓN, PUBLICACIÓN, DISTRIBUCIÓN, FABRICACIÓN Y COPYRIGHT |
| Fecha de producción, publicación, distribución, fabricación o copyright |
©2019 |
| 300 ## - DESCRIPCIÓN FÍSICA |
| Extensión |
xiii, 785 pages : |
| Otras características físicas |
illustrations (some color) ; |
| Dimensiones |
25 cm |
| 336 ## - TIPO DE CONTENIDO |
| Término de tipo de contenido |
text |
| Código de tipo de contenido |
txt |
| Fuente |
rdacontent |
| 337 ## - TIPO DE MEDIO |
| Nombre/término del tipo de medio |
unmediated |
| Código del tipo de medio |
n |
| Fuente |
rdamedia |
| 338 ## - TIPO DE SOPORTE |
| Nombre/término del tipo de soporte |
volume |
| Código del tipo de soporte |
nc |
| Fuente |
rdacarrier |
| 504 ## - NOTA DE BIBLIOGRAFÍA, ETC. |
| Nota de bibliografía, etc. |
Includes bibliographical references and index. |
| 505 8# - NOTA DE CONTENIDO CON FORMATO |
| Nota de contenido con formato |
Machine generated contents note: -- Preface-- Chapter 1: 'The English Boy' 1917-1933 -- Chapter 2: 'Ugly as Sin, but a Mind' 1933-1936 -- Chapter 3: 'A Freshman who Knows Everything' 1936-1939 -- Chapter 4: 'A Left-Wing Intellectual in the British Army' 1939-1946 -- Chapter 5: 'Outsider in the Movement' 1946-1954 -- Chapter 6: 'A Dangerous Character' 1954-1962 -- Chapter 7: 'Paperback Writer' 1962-1975 -- Chapter 8: 'Intellectual Guru' 1975-1987 -- Chapter 9: 'Jeremiah' 1987-1999 -- Chapter 10: 'National Treasure' 1999-2012. |
| 520 ## - RESUMEN, ETC. |
| Sumario, etc. |
" Eric Hobsbawm's works have had a nearly incalculable effect across generations of readers and students, influencing more than the practice of history but also the perception of it. Born in Alexandria, Egypt, of second-generation British parents, Hobsbawm was orphaned at age fourteen in 1931. Living with an uncle in Berlin, he experienced the full force of world economic depression, and in the charged reaction to it in Germany was forced to choose between Nazism and Communism, which was no choice at all. Hobsbawm's lifelong allegiance to Communism inspired his pioneering work in social history, particularly the trilogy for which he is most famous--The Age of Revolution, The Age of Capital, and The Age of Empire--covering what he termed "the long nineteenth century" in Europe. Selling in the millions of copies, these held sway among generations of readers, some of whom went on to have prominent careers in politics and business. In this comprehensive biography of Hobsbawm, acclaimed historian Richard Evans (author of The Third Reich Trilogy, among other works) offers both a living portrait and vital insight into one of the most influential intellectual figures of the twentieth century. Using exclusive and unrestricted access to the unpublished material, Evans places Hobsbawm's writings within their historical and political context. Hobsbawm's Marxism made him a controversial figure but also, uniquely and universally, someone who commanded respect even among those who did not share-or who even outright rejected-his political beliefs. Eric Hobsbawm: A Life in History gives us one of the 20th century's most colorful and intellectually compelling figures. It is an intellectual life of the century itself."-- |
| Fuente proveedora |
Provided by publisher. |
| 520 ## - RESUMEN, ETC. |
| Sumario, etc. |
"This biography of Eric Hobsbawm offers new insight into one of the most influential intellectual figures of the twentieth century. Born in Alexandria, Egypt, of second-generation British parents, Hobsbawm was orphaned at 14 in 1931. Living with an uncle in Berlin, he experienced the full catastrophic force of world economic depression. In this frenetic atmosphere the only political choice was between Nazism and Communism. As a non-German and a Jew, the Nazi Party was out of the question and Hobsbawm's lifelong allegiance to Communism was formed. As a radical student and then young academic at Cambridge, Hobsbawm became a pioneer of social history. Eventually he gained international fame for the trilogy that he wrote over the course of decades, covering what he termed "the long nineteenth century"--The Age of Revolution, The Age of Capital, and The Age of Empire. Some have even argued that these comprehensive surveys, which ranged across the entire continent of Europe, changed the way history could be written. They held sway not only among historians but generations of general readers, some who went on to have prominent careers in politics or business. As a committed Marxist, which defined and guided his perspective on history, Hobsbawm was a controversial figure but also, almost uniquely and universally, someone who commanded respect even among those who did not share, or who even outright rejected, his political beliefs. Eric Hobsbawm: A Life in History deepens our understanding of the significant influence both Marxism and Communism have had on leading twentieth-century intellectuals, and brings to life one of its most colorful and intellectually compelling practitioners. It is an intellectual life of the twentieth century itself"-- |
| Fuente proveedora |
Provided by publisher. |
| 600 10 - PUNTO DE ACCESO ADICIONAL DE MATERIA--NOMBRE DE PERSONA |
| Nombre de persona |
Hobsbawm, E. J. |
| Forma completa/desarrollada del nombre |
(Eric J.), |
| Fechas asociadas al nombre |
1917-2012. |
| 650 #0 - PUNTO DE ACCESO ADICIONAL DE MATERIA--TÉRMINO DE MATERIA |
| Término de materia o nombre geográfico como elemento de entrada |
Historians |
| Subdivisión geográfica |
Great Britain |
| Subdivisión de forma |
Biography. |
| 650 #0 - PUNTO DE ACCESO ADICIONAL DE MATERIA--TÉRMINO DE MATERIA |
| Término de materia o nombre geográfico como elemento de entrada |
Communist college teachers |
| Subdivisión geográfica |
Great Britain |
| Subdivisión de forma |
Biography. |
| 650 #0 - PUNTO DE ACCESO ADICIONAL DE MATERIA--TÉRMINO DE MATERIA |
| Término de materia o nombre geográfico como elemento de entrada |
Communism and intellectuals |
| Subdivisión geográfica |
Great Britain |
| Subdivisión general |
History |
| Subdivisión cronológica |
20th century. |
| 650 #0 - PUNTO DE ACCESO ADICIONAL DE MATERIA--TÉRMINO DE MATERIA |
| Término de materia o nombre geográfico como elemento de entrada |
Jews, German |
| Subdivisión geográfica |
Great Britain |
| Subdivisión de forma |
Biography. |
| 650 #7 - PUNTO DE ACCESO ADICIONAL DE MATERIA--TÉRMINO DE MATERIA |
| Término de materia o nombre geográfico como elemento de entrada |
BIOGRAPHY & AUTOBIOGRAPHY / General. |
| Fuente del encabezamiento o término |
bisacsh |
| 650 #7 - PUNTO DE ACCESO ADICIONAL DE MATERIA--TÉRMINO DE MATERIA |
| Término de materia o nombre geográfico como elemento de entrada |
BIOGRAPHY & AUTOBIOGRAPHY / Historical. |
| Fuente del encabezamiento o término |
bisacsh |
| 650 #7 - PUNTO DE ACCESO ADICIONAL DE MATERIA--TÉRMINO DE MATERIA |
| Término de materia o nombre geográfico como elemento de entrada |
HISTORY / Europe / Western. |
| Fuente del encabezamiento o término |
bisacsh |
| 655 #7 - TERMINO DE INDIZACIÓN--GENERO/FORMA |
| Datos o término principal de género/forma |
Biographies. |
| Fuente del término |
lcgft |
| Número de control del registro de autoridad o número normalizado |
https://id.loc.gov/authorities/genreForms/gf2014026049 |
| 906 ## - ELEMENTOS DE DATOS F LOCAL, LDF (RLIN) |
| a |
7 |
| b |
cbc |
| c |
orignew |
| d |
1 |
| e |
ecip |
| f |
20 |
| g |
y-gencatlg |
| 942 ## - ELEMENTOS DE ENTRADA SECUNDARIOS (KOHA) |
| Fuente del sistema de clasificación o colocación |
Clasificación de Library of Congress |
| Suprimir en OPAC |
No |
| Tipo de ítem Koha |
Libro |
| 946 ## - PROCESAMIENTO DE INFORMACIÓN LOCAL (OCLC) |
| Iniciales del agente catalogador |
llh |